Metodický rozbor témy "Zásobovacie činnosti" záverečná práca

Enregistré dans:
Détails bibliographiques
Auteur principal: Peťovská, Viola
Collectivité auteur: Vysoká škola ekonomická v Bratislave. Národohospodárska fakulta
Autres auteurs: Zelenák, Jozef
Format: Livre
Langue:slovaque
Publié: Bratislava 1987
Tags: Ajouter un tag
Pas de tags, Soyez le premier à ajouter un tag!

MARC

LEADER 00000nam a2200000 4500
001 c029742
005 20221219094733.7
041 0 |a slo 
044 |a SK 
245 1 0 |a Metodický rozbor témy "Zásobovacie činnosti"  |b záverečná práca  |c Viola Peťovská ; Ved. práce Jozef Zelenák 
264 1 |a Bratislava  |c 1987 
300 |a 52 s. 
100 1 |a Peťovská, Viola 
700 1 |a Zelenák, Jozef 
710 2 |a Vysoká škola ekonomická v Bratislave. Národohospodárska fakulta